Loading...
| History - Other | 0 | 7 | 0 | 1 | 70 | 18 | 55.57 | 1 | 5 | 32.11 | 39.45 |
| History - European | 0 | 4 | 0 | 0 | 40 | 16 | 27.50 | 1 | 3 | 26.98 | 26.52 |
| History - World | 0 | 4 | 1 | 0 | 35 | 14 | 30.50 | 2 | 4 | 26.12 | 29.72 |
| Current Events | 0 | 2 | 0 | 1 | 20 | 108 | 108.50 | 0 | 0 | 0.00 | 3.85 |
| Geography | 0 | 2 | 0 | 1 | 20 | 93 | 99.50 | 0 | 0 | 3.64 | 13.89 |
| History - American | 0 | 3 | 2 | 0 | 20 | 36 | 50.00 | 0 | 3 | 14.93 | 21.33 |
| Literature - American | 0 | 1 | 0 | 0 | 10 | 52 | 52.00 | 0 | 1 | 5.02 | 6.99 |
| Religion | 0 | 1 | 0 | 0 | 10 | 64 | 64.00 | 0 | 1 | 4.84 | 7.69 |
| Science - Biology | 0 | 1 | 0 | 0 | 10 | 60 | 60.00 | 0 | 0 | 3.29 | 6.06 |
| Fine Arts - Painting and Sculpture | 0 | 1 | 1 | 1 | 5 | 116 | 116.00 | 0 | 0 | 0.00 | 0.76 |
| Literature - World | 0 | 0 | 0 | 0 | 0 | 0.00 | 0 | 0 | 0.00 | 0.00 | |
| Literature - European | 0 | 0 | 0 | 0 | 0 | 0.00 | 0 | 0 | 0.00 | 0.00 | |
| Mythology | 0 | 1 | 2 | 0 | 0 | 64 | 64.00 | 0 | 0 | 4.32 | 5.30 |